000 00383nam a22001457a 4500
008 250218b |||||||| |||| 00| 0 eng d
020 _a9788120347342
050 _aHD38.2
_b.S27
100 _aSAPRU, R. K.
245 _aAdministrative Theories and Management Thoughts
250 _a2nd
260 _aDelhi
_bPHI Learning Private Limited
_c2013
300 _axxix, 598p.
942 _cBK
999 _c1978
_d1978